A modern technique for the retrieval and processing of historical Seismograms in Greece (Record no. 46563)

000 -LEADER
fixed length control field 01099pab a2200193 454500
008 - FIXED-LENGTH DATA ELEMENTS--GENERAL INFORMATION
fixed length control field 180718b2000 xxu||||| |||| 00| 0 eng d
100 ## - MAIN ENTRY--PERSONAL NAME
Personal name Baskoutas, I.G. et al.
245 ## - TITLE STATEMENT
Title A modern technique for the retrieval and processing of historical Seismograms in Greece
260 ## - PUBLICATION, DISTRIBUTION, ETC.
Date of publication, distribution, etc. 2000
300 ## - PHYSICAL DESCRIPTION
Extent p.55-64
362 ## - DATES OF PUBLICATION AND/OR SEQUENTIAL DESIGNATION
Dates of publication and/or sequential designation Jan
520 ## - SUMMARY, ETC.
Summary, etc. A brief history of operation of the mechanical seismographs in Greece and the application of a technique for converting analog seismograms to digital traces in a form suitable for further processing or archiving are presented in this study. A short history about the installation of mechanical seismographs in Greece, the characteristics of these instruments, a reference on the usage of historical records, as well as a presentation of the procedure followed from the identification of the record to the archiving it as a digital file have been included. - Reproduced
650 ## - SUBJECT ADDED ENTRY--TOPICAL TERM
Topical term or geographic name entry element Disasters - Greece
650 ## - SUBJECT ADDED ENTRY--TOPICAL TERM
Topical term or geographic name entry element Natural disasters - Greece
650 ## - SUBJECT ADDED ENTRY--TOPICAL TERM
Topical term or geographic name entry element Seismometers - Greece
650 ## - SUBJECT ADDED ENTRY--TOPICAL TERM
Topical term or geographic name entry element Seismometers
773 ## - HOST ITEM ENTRY
Main entry heading Natural Hazards
909 ## -
-- 46563
Holdings
Withdrawn status Lost status Damaged status Not for loan Permanent Location Current Location Date acquired Serial Enumeration / chronology Barcode Date last seen Price effective from Koha item type
        Indian Institute of Public Administration Indian Institute of Public Administration 2018-07-19 Volume no: 21, Issue no: 1 AR46991 2018-07-19 2018-07-19 Articles

Powered by Koha